Largest City in Expanding 100 Mile Rings from New York City - Statistics

General Stats
  • This quiz has been taken 51 times
  • The average score is 33 of 106
Answers on the Map
Answers color-coded by a green-red scale on the quiz's map according to % correct below.
 
Answer Stats
Distance (miles) Country Pop. City % Correct
0-100 United States 5,696,588 Philadelphia
100%
100-200 United States 4,355,184 Boston
85%
300-400 Canada 5,647,656 Toronto
71%
200-300 United States 5,146,120 Washington
71%
700-800 United States 8,489,066 Chicago
59%
400-500 United States 3,716,929 Detroit
56%
2400-2500 United States 11,885,717 Los Angeles
44%
2000-2100 Mexico 21,804,000 Mexico City
44%
5600-5700 Egypt 20,296,000 Cairo
41%
1300-1400 United States 5,843,632 Dallas
41%
1400-1500 United States 6,046,392 Houston
41%
10000-10100 Indonesia 33,756,000 Jakarta
41%
10300-10400 Australia 5,031,195 Melbourne
41%
11600-11700 Australia 2,141,834 Perth
41%
2100-2200 United States 4,065,338 Phoenix
41%
6100-6200 Iran 14,148,000 Tehran
41%
10600-10700 Australia 1,387,290 Adelaide
38%
5400-5500 Egypt 4,870,000 Alexandria
38%
5900-6000 Iraq 6,183,000 Baghdad
38%
8600-8700 Thailand 18,007,000 Bangkok
38%
3800-3900 Spain 4,800,000 Barcelona
38%
4500-4600 Serbia 1,197,714 Belgrade
38%
3900-4000 Germany 4,679,500 Berlin
38%
5200-5300 Argentina 16,710,000 Buenos Aires
38%
7300-7400 India 32,226,000 Delhi
38%
7800-7900 Bangladesh 19,134,000 Dhaka
38%
8800-8900 Vietnam 15,136,000 Ho Chi Minh City
38%
5000-5100 Turkey 14,441,000 Istanbul
38%
7200-7300 Pakistan 20,249,000 Karachi
38%
6300-6400 D. R. Congo 12,836,000 Kinshasa
38%
9300-9400 Malaysia 8,911,000 Kuala Lumpur
38%
3400-3500 United Kingdom 11,262,000 London
38%
3500-3600 Spain 6,211,000 Madrid
38%
8400-8500 Philippines 24,922,000 Manila
38%
2300-2400 Colombia 2,529,403 Medellin
38%
1000-1100 United States 6,113,982 Miami
38%
4400-4500 Belarus 1,992,862 Minsk
38%
4600-4700 Russia 17,332,000 Moscow
38%
7700-7800 India 24,973,000 Mumbai
38%
6900-7000 Japan 15,126,000 Osaka
38%
3600-3700 France 11,060,000 Paris
38%
4800-4900 Brazil 12,592,000 Rio de Janeiro
38%
6500-6600 Saudi Arabia 7,237,000 Riyadh
38%
4200-4300 Russia 5,597,763 Saint Petersburg
38%
5100-5200 Chile 7,171,000 Santiago
38%
4700-4800 Brazil 23,086,000 Sao Paulo
38%
6800-6900 South Korea 23,016,000 Seoul
38%
9500-9600 Singapore 5,983,000 Singapore
38%
800-900 United States 2,127,843 St. Louis
38%
9900-10000 Australia 4,840,600 Sydney
38%
6700-6800 Japan 37,785,000 Tokyo
38%
3300-3400 United Kingdom 2,590,363 Birmingham
35%
500-600 United States 1,704,916 Cincinnati
35%
3100-3200 Ireland 592,713 Dublin
35%
8000-8100 China 26,940,000 Guangzhou
35%
2900-3000 Ecuador 3,094,420 Guayaquil
35%
8100-8200 Vietnam 8,587,100 Hanoi
35%
7000-7100 Pakistan 12,306,000 Lahore
35%
6400-6500 Angola 9,051,000 Luanda
35%
1800-1900 Mexico 5,324,281 Monterrey
35%
2800-2900 Ecuador 1,763,275 Quito
35%
4900-5000 Ivory Coast 4,980,000 Abidjan
32%
5300-5400 Nigeria 3,770,000 Abuja
32%
4300-4400 Mali 4,227,569 Bamako
32%
9600-9700 Australia 2,706,966 Brisbane
32%
3200-3300 United Kingdom 626,410 Glasgow
32%
600-700 United States 1,740,984 Indianapolis
32%
2500-2600 United States 3,364,862 San Francisco
32%
7900-8000 India 21,747,000 Kolkata
29%
1100-1200 United States 918,752 New Orleans
29%
5800-5900 Cameroon 2,440,462 Yaounde
29%
8300-8400 India 15,386,000 Bengaluru
26%
1600-1700 United States 2,691,349 Denver
26%
2200-2300 Mexico 5,525,000 Guadalajara
26%
6200-6300 Iran 2,219,343 Isfahan
26%
1500-1600 United States 2,069,843 San Antonio
26%
1200-1300 Canada 758,515 Winnipeg
26%
5700-5800 Cameroon 5,768,400 Douala
24%
3700-3800 Brazil 4,167,996 Fortaleza
24%
900-1000 United States 1,913,597 Orlando
24%
8700-8800 Philippines 964,169 Cebu City
21%
4000-4100 Bolivia 3,151,676 Santa Cruz
21%
7400-7500 China 10,251,000 Wuhan
21%
1900-2000 Mexico 1,321,004 Ciudad Juarez
18%
4100-4200 Brazil 1,488,920 Recife
15%
7500-7600 China 16,492,980 Chengdu
12%
5500-5600 Turkey 2,130,432 Gaziantep
12%
6600-6700 China 7,964,000 Shenyang
12%
7600-7700 India 6,538,000 Surat
12%
10400-10500 Australia 180,239 Geelong
9%
1700-1800 United States 810,034 McAllen
6%
2700-2800 Brazil 413,486 Boa Vista
3%
3000-3100 Peru 377,609 Iquitos
3%
8500-8600 India 1,561,129 Madurai
3%
2600-2700 Colombia 380,019 Neiva
3%
9800-9900 Indonesia 1,535,952 Palembang
3%
8200-8300 China 2,250,000 Haikou
0%
9700-9800 Indonesia 612,162 Jambi
0%
9000-9100 Indonesia 413,283 Jayapura
0%
6000-6100 Iran 1,973,470 Karaj
0%
9400-9500 Malaysia 878,000 Klang
0%
9100-9200 Malaysia 491,237 Kota Bharu
0%
7100-7200 China 3,651,868 Linyi
0%
10100-10200 Indonesia 2,795,209 Malang
0%
9200-9300 Malaysia 946,092 Seberang Perai
0%
8900-9000 Philippines 2,100,000 Zamboanga City
0%
No matching quizzes found
Score Distribution
Percent of People with Each Score
Percentile by Number Answered
Your Score History
You have not taken this quiz